000 00669cam a2200205 4500
001 D1155
008 090401t1963 xxu||||| |||| 00| 0 eng d
035 _a(Sirsi) u62729
041 _aeng
050 _a692.30994
110 _aAustralian Institute of Quantity Surveyors
_92261
245 _aAustralian standard method of measurement of building works, authorised by agreement between the I.Q.S. and The Master Builders` Federation of Australia
250 _a2nd
260 _aCrows Nest, NSW
_bAustralian Institute of Quantity Surveyo
_c1963
300 _av. 59p. 32cm
350 _a1.5
520 _aFiled at SMM 1963/3BC
942 _n0
948 _c04/03/1997
999 _c94475
_d94475